Top 10 Richest Australians 2020 - Statistics

General Stats
  • This quiz has been taken 12 times
  • The average score is 5 of 10
Answer Stats
Hint Answer % Correct
$15.3b Gina Rinehart
80%
$3.6b James Packer
70%
$5.4b Andrew Forrest
60%
$6.5b Frank Lowy
60%
$7.2b Anthony Pratt
50%
$3.5b Lindsay Fox
50%
$4b John Gandel
40%
$7b Mike Cannon-Brookes
40%
$9.3b Harry Triguboff
30%
$7b Scott Farquhar
30%
No matching quizzes found
Score Distribution
Percent of People with Each Score
Percentile by Number Answered
Your Score History
You have not taken this quiz